Abogado Digital Estudios sobre Derecho Cibernťico, Informt̀ico y Digital /

Bibliographic Details
Main Author: Da̕z Limn̤, Jaime Alberto
Format: eBook
Language:Spanish
Published: Ciudad de Mx̌ico: Universidad Ius Semper, 2019
Subjects:
Online Access:Acceso restringido

MARC

LEADER 00000nam a22000007a 4500
005 20190412123532.0
007 cr|||| ||||
008 190412s2019 mx |||||s|||| 00||0 spa d
020 |a 978-607-98395-4-3 
035 |a 23249 
040 |a vLex 
090 |c 8610  |d 8610 
100 1 |a Da̕z Limn̤, Jaime Alberto 
245 1 0 |a Abogado Digital  |h [Recurso electrn̤ico] :  |b Estudios sobre Derecho Cibernťico, Informt̀ico y Digital /  |c Jaime Alberto Da̕z Limn̤ 
256 |a Servicio en ln̕ea 
260 |a Ciudad de Mx̌ico:  |b Universidad Ius Semper,  |c 2019 
300 |a 1 recurso electrn̤ico 
506 1 |a Disponible solo en los productos indicados  |d vLex Global  |d vLex Global (Academic Edition, excluding Law Schools)  |d vLex Global (U.S. Academic Edition, Law Schools)  |d vLex Global (U.S. Academic Edition, excluding Law Schools)  |d vLex Global (Academic Edition, Law Schools) 
650 0 4 |a Derecho de las Nuevas Tecnologa̕s  |z Mx̌ico 
740 0 |a vLex Libros (Servicio en ln̕ea) 
856 4 0 |u http://vlex.com/source/abogado-digital-estudios-sobre-derecho-cibernetico-informatico-digital-23249  |z Acceso restringido 
942 |c BOOK 
999 0 |a Right of New Technologies